Health : Making life choices
Health: Making Life Choices gives students the important decision-making skills and information they need to promote their own good health. It teaches the self-responsibility and skills needed to allow students to make wise lifestyle choices--the key to living a long and happy life.
Tallennettuna:
| Päätekijä: | |
|---|---|
| Aineistotyyppi: | Kirja |
| Kieli: | Undetermined |
| Julkaistu: |
Cincinnati (Ohio)
West Educational Publishing
1999
|
| Aiheet: | |
| Tagit: |
Lisää tagi
Ei tageja, Lisää ensimmäinen tagi!
|
| Thư viện lưu trữ: | Trung tâm Học liệu Trường Đại học Cần Thơ |
|---|
| LEADER | 00990nam a2200217Ia 4500 | ||
|---|---|---|---|
| 001 | CTU_137589 | ||
| 008 | 210402s9999 xx 000 0 und d | ||
| 020 | |c 118.5 | ||
| 082 | |a 613 | ||
| 082 | |b W368 | ||
| 100 | |a Webb, Frances Sizer | ||
| 245 | 0 | |a Health : | |
| 245 | 0 | |b Making life choices | |
| 245 | 0 | |c Frances Sizer Webb, Eleanor Noss Whitney, Linda Kelly DeBruyne ; Contributing authors: Patricia Kosiba, Rhonda Helgerson | |
| 260 | |a Cincinnati (Ohio) | ||
| 260 | |b West Educational Publishing | ||
| 260 | |c 1999 | ||
| 520 | |a Health: Making Life Choices gives students the important decision-making skills and information they need to promote their own good health. It teaches the self-responsibility and skills needed to allow students to make wise lifestyle choices--the key to living a long and happy life. | ||
| 650 | |a Health education (Secondary),Giáo dục sức khỏe (Trung học) | ||
| 904 | |i Giang | ||
| 980 | |a Trung tâm Học liệu Trường Đại học Cần Thơ | ||